000 00659nam a22002177a 4500
001 74769
003 BD-RjUL
005 20211209082610.0
008 181202s1968 pk ||||| |||| 00| 0 eng d
035 _a(BD-RjUL)74987
040 _aBD-RjUL
_beng
_cBD-RjUL
041 _aeng
082 _223
_a320.9549
_bPRO 1968
245 _aProceedings of the fourth All Pakistan political science conference 1966 /
_cEd. by Muhammad Aziz Ahmad.
260 _aKarachi :
_c1968.
300 _a284 p. ;
_c25 cm.
650 _aPolitical science
_zPakistan
_9225508
650 _aPolitics and government
_9225509
700 _aAhmad, Muhammad Aziz
_9225512
942 _2ddc
_cBK
999 _c74769
_d74769